Statistics for 中国境内官方名称带“州”的地级行政区有哪些?

Click here to take the quiz!

General Stats

  • This quiz has been taken 607 times
    (542 since last reset)
  • The average score is 49 of 73

Answer Stats

Province 省City 城市提示% Correct
江苏省苏州
94%
江苏省泰州
89%
浙江省杭州
89%
江苏省扬州
88%
福建省福州
87%
浙江省台州
87%
广东省广州
86%
江苏省徐州
86%
浙江省温州
85%
江苏省常州
84%
福建省泉州
83%
江西省赣州
82%
山东省德州
80%
河北省沧州
79%
浙江省湖州
79%
福建省漳州
78%
浙江省衢州
77%
广东省潮州
74%
河南省郑州
74%
甘肃省兰州
74%
山东省滨州
74%
辽宁省锦州
73%
广西壮族自治区柳州
73%
广东省惠州
72%
湖北省恩施土家族苗族自治州
72%
湖北省荆州
71%
湖南省湘西土家族苗族自治州
70%
四川省阿坝藏族羌族自治州
69%
安徽省宿州
69%
广东省梅州
69%
吉林省延边朝鲜族自治州
68%
贵州省黔东南苗族侗族自治州
68%
贵州省黔西南布依族苗族自治州
67%
青海省海西蒙古族藏族自治州
67%
四川省甘孜藏族自治州
67%
青海省海南藏族自治州
66%
湖南省郴州
66%
山西省忻州
66%
四川省凉山彝族自治州
66%
江西省抚州
66%
海南省儋州
65%
贵州省黔南布依族苗族自治州
64%
青海省海北藏族自治州
64%
广西壮族自治区梧州
64%
湖北省鄂州
63%
山西省朔州
63%
安徽省池州
63%
云南省大理白族自治州
62%
安徽省亳州
62%
云南省西双版纳傣族自治州
62%
安徽省滁州
62%
四川省达州
61%
云南省红河哈尼族彝族自治州
61%
湖南省永州
61%
广西壮族自治区钦州
60%
湖北省随州
60%
青海省玉树藏族自治州
58%
甘肃省甘南藏族自治州
57%
广西壮族自治区贺州
55%
云南省怒江傈僳族自治州
55%
青海省果洛藏族自治州
54%
四川省泸州
53%
甘肃省临夏回族自治州
52%
青海省黄南藏族自治州
51%
云南省德宏傣族景颇族自治州
50%
新疆维吾尔自治区伊犁哈萨克自治州
49%
云南省楚雄彝族自治州
48%
新疆维吾尔自治区巴音郭楞蒙古自治州
48%
云南省迪庆藏族自治州
47%
云南省文山壮族苗族自治州
46%
新疆维吾尔自治区昌吉回族自治州
42%
新疆维吾尔自治区克孜勒苏柯尔克孜自治州
38%
新疆维吾尔自治区博尔塔拉蒙古自治州
37%

Score Distribution

Percentile by Number Answered

Percent of People with Each Score

Your Score History

You have not taken this quiz since the last reset